000 00517nam a2200145 i 4500
001 82572
003 ES-MaACL
005 20230906174710.0
007 t|
008 041111s1934 po ||||1| por d
245 0 2 _aO imperio portugues na primeira exposicao colonial portuguesa
_b: album catalago oficial : dumentario historico, agricola, industrial e comercial, paisageus, momumentos e costumbres.
260 _aPorto :
_b[s.n.,
_c1934] (
_fLeitao)
300 _a457 p. :
_bil. ;
_c25 cm.
852 _aES-MaACL
_jA-4145
999 _c82572
_d82572